| 000 | 01189nam a22001457a 4500 | ||
|---|---|---|---|
| 020 | _a978-93-392-1203-2 | ||
| 040 | _cNUST | ||
| 082 | _a658.404,GRA | ||
| 100 |
_aGray, Glifford F. _9107125 |
||
| 245 |
_aProject Management: _bThe Managerial Process / _cGlifford F. Gray, Eriik W. Larson and Gautam V. Desai |
||
| 260 |
_aIndia _bMcGraw-Hill _c2014 |
||
| 300 | _a917 p.; | ||
| 505 | _amodern Project Management (Page-1), Organization Strategy and Project Selection (Page-54), organization: Structure and Culture (Page-114), Defining the Project (Page-148), Estimating Project times and Costs (Page-2080, Developing a Project Plan (Page-286), Managing Risk (Page-343), Scheduling Resources and Costs (page-421), Reducing Project Duration (Page-475), Leadership: Being an Effective Project Manager (Page-509), Managing Project Teams (Page-557), Outsourcing: Managing Interorganizational Relations (Page-620), Progress and Performance Measurment and Evaluation (Page-6690, Project Closure (Page-738), International Projects (Page-778), Oversight (Page-811), An Introduction to Agile Project Management (Page-829), Project Management Career Paths (Page-849), | ||
| 942 |
_2ddc _cBK _k658.404,GRA |
||
| 999 |
_c592957 _d592957 |
||